| 000 | 01148cam a2200229 4500 | ||
|---|---|---|---|
| 001 | ##L135719 | ||
| 008 | 061128n2006 000 0 eng u | ||
| 035 | _a(Sirsi) u135719 | ||
| 041 | 0 | _aeng | |
| 050 | 0 | 4 | _a333.33016 $2 18 |
| 110 | 2 |
_aFocus _93296 |
|
| 245 | 0 | 0 |
_aLondon market office report _bQ3 2006 |
| 260 |
_aLondon _bFocus _c2006 |
||
| 490 | 0 |
_aFocus London Market Office Report _vThird Quarter 2006 |
|
| 520 | _aDemand has been strong across London and during the third quarter 2006 the Southbank has become a key location with 750 000 sq ft transacted. The City experienced the largest number of transactions in five years and the West End saw the highest rents with availability reaching £90 per sq ft. The outlook going into the fourth quarter 2006 is healthy, with investment continuing to increase and confidence in London high. | ||
| 590 | _aKA | ||
| 650 | 2 | 4 | _aFOCUS LONDON MARKET OFFICE REPORT |
| 651 | 4 | _aLONDON | |
| 690 | _aPROPERTY-COMMERCIAL PROPERTY-OFFICE PROPERTY | ||
| 856 | 4 | 0 |
_uhttps://www.focusnet.co.uk/ProspectHome/view/MarketReports.aspx _zView the item free of charge at www.focusnet.co.uk... |
| 942 | _n0 | ||
| 999 |
_c106168 _d106168 |
||